|
|
|
|
| LEADER |
00000nam a2200000 a 4500 |
| 001 |
vtls001374000 |
| 003 |
SK-MaSNL |
| 005 |
20260301201349.0 |
| 008 |
240318s1998 xo a d d slo |
| 015 |
|
|
|a SNBE1999/04-02033
|
| 020 |
|
|
|a 8096744933
|
| 035 |
|
|
|a SNK000327873
|
| 035 |
|
|
|a urn:nbn:sk:snk-amkk54
|
| 035 |
|
|
|a urn:nbn:sk:snk-am003v2f
|
| 035 |
|
|
|a C6473978-B174-4C3C-B869-9F7B2FBF5292
|
| 040 |
|
|
|a SNK
|b slo
|c SNK
|e AACR2
|
| 041 |
0 |
|
|a slo
|
| 044 |
|
|
|a xo
|c SK
|
| 080 |
|
|
|a 796.332(437.658)(091)(085)"1908/1998"
|2 1981
|
| 100 |
1 |
|
|a Žabka, Eduard
|4 aut
|9 581847
|
| 245 |
1 |
0 |
|a Žilinský futbal v 20. storočí
|b k 90. výročiu založenia klubu
|c autori Eduard Žabka, Ladislav Hulín ; zostavili Ladislav Hulín, Eduard Žabka, Jaroslav Horečný ; fotografie Rudolf Dlábik, Jaroslav Horečný, Branislav Zemko ; grafická úprava a obálka Jaroslav Horečný, Jaromír Moškoř
|
| 260 |
|
|
|a Žilina
|b Výtvarná agentúra A1
|c 1998
|
| 300 |
|
|
|a 91 s.
|b fotogr.
|c 21 cm
|
| 500 |
|
|
|a Vydané pre Mestský športový klub Žilina
|
| 504 |
|
|
|a Biogr. údaje
|
| 610 |
2 |
7 |
|a Mestský športový klub (Žilina, Slovensko)
|y 1908-1998
|x pamätnice
|2 SNK
|9 581848
|
| 650 |
0 |
7 |
|a futbal
|z Žilina (Slovensko)
|x dejiny
|y 1908-1998
|2 SNK
|9 581849
|
| 655 |
|
7 |
|a pamätnice
|2 SNK
|9 282423
|
| 700 |
1 |
|
|a Hulín, Ladislav
|4 aut
|9 581850
|
| 700 |
1 |
|
|a Horečný, Jaroslav
|4 com
|4 pht
|4 ill
|9 319448
|
| 700 |
1 |
|
|a Dlábik, Rudolf
|4 pht
|9 491276
|
| 700 |
1 |
|
|a Zemko, Branislav
|4 pht
|9 581851
|
| 700 |
1 |
|
|a Moškoř, Jaromír
|4 ill
|9 342373
|
| 710 |
0 |
|
|a Mestský športový klub Žilina
|4 pbl
|9 65136
|
| 919 |
|
|
|a 80-967449-3-3
|
| 958 |
|
|
|a TL
|
| 999 |
|
|
|c 894483
|d 896413
|
| 952 |
|
|
|t P60, <03>, [BOOK], {603}
|a SNK
|b SNK
|y PREZ
|7 0
|p 17A0212940
|o snkSC 99759
|i snkKSP 9789/99
|0 0
|1 0
|4 0
|d 1999-10-08
|f 1
|l 0
|r 2025-09-19 00:00:00
|w 2026-02-24
|
| 952 |
|
|
|t P60, <04>, [BOOK], {604}
|a SNK
|b SNK
|y VYP
|7 0
|p 17A0212941
|o snkSC 99759 D1
|i snkKSP 9790/99
|0 0
|1 0
|4 0
|d 1999-10-08
|l 0
|r 2005-01-02 00:00:00
|w 2026-02-24
|